[Event "AUTO-OPEN-4652"]
[Site "http://www.queenalice.com/game.php?id=1873417"]
[Date "2026.5.15"]
[Round "1"]
[White "Carlos19"]
[Black "pomar"]
[Result "1-0"]
[WhiteElo "1530"]
[BlackElo "1847"]

1. e4 e6 2. Bc4 c5 3. Nf3 d5 4. Bb5+ Bd7 5. Qe2 Qb6 6. a4 Be7 7. Bxd7+ Nxd7 8.
exd5 exd5 9. a5 Qc6 10. Ne5 Qe6 11. Nxd7 Qxe2+ 12. Kxe2 Kxd7 13. d3 Nf6 14. f4
Bd6 15. g3 Rhe8+ 16. Kf3 Re7 17. a6 b6 18. b3 b5 19. c4 Rae8 20. cxb5 Kc7 21.
Bd2 Rb8 22. Ba5+ Kc8 23. h4 Rxb5 24. Nd2 Bc7 25. Bxc7 Kxc7 26. Rhe1 Rxe1 27.
Rxe1 Kd6 28. g4 Ra5 29. g5 Nh5 30. f5 Rxa6 31. Re8 Ra2 32. Nf1 g6 33. f6 Ra3 34.
Rd8+ Ke5 35. Re8+ Kd4 36. Re7 Rxb3 37. Rxf7 Rxd3+ 38. Ke2 a5 39. Rxh7 a4 40. Rh8
a3 41. Ra8 Ke4 42. Nd2+ Kd4 43. Nf3+ Ke4 44. Re8+ Kf4 45. Kxd3 Kxf3 46. Ra8 c4+
47. Kc2 Nf4 48. Rxa3+ Kg4 49. Ra6 Kxh4 50. f7 d4 51. f8=Q Kxg5 52. Qf6+ Kg4 53.
Qxd4 Kf5 54. Qxc4 g5 55. Ra5+ Kg4 56. Qg8 Nh3 57. Qe6+ Kh4 58. Qh6+ Kg4 59. Ra3
Nf4 60. Ra5 Nh3 61. Ra3 Nf4 62. Kd2 Kf5 63. Ke3 Nd5+ 64. Kf3 Nf4 65. Qh7+ Ke5
66. Kg4 Kf6 67. Qf5+ 1-0

[Event "AUTO-OPEN-4652"]
[Site "http://www.queenalice.com/game.php?id=1873443"]
[Date "2026.5.15"]
[Round "1"]
[White "Jomaley"]
[Black "pomar"]
[Result "0-1"]
[WhiteElo "1627"]
[BlackElo "1818"]

1. d4 e6 2. e4 d5 3. e5 c5 4. Be3 Qb6 5. b3 Bd7 6. a4 Qb4+ 7. Bd2 Qxd4 8. Nc3
Qxe5+ 9. Be2 d4 10. Nb5 a6 11. Na3 Nf6 12. h4 Bc6 13. Nf3 Bxf3 14. gxf3 Nc6 15.
Nc4 Qc7 16. Bg5 Be7 17. Qd2 O-O 18. Bxf6 Bxf6 19. h5 h6 20. O-O-O Bg5 21. f4
Bxf4 22. Ne3 dxe3 23. fxe3 Rad8 24. Bd3 Qe5 25. c3 Bxe3 26. Qxe3 Qxe3+ 27. Kc2
Qf2+ 28. Rd2 Qf3 29. Rf1 Qxh5 30. Rb1 Ne5 31. b4 c4 32. Be2 Rxd2+ 33. Kxd2 Qg5+
34. Ke1 Qe3 35. Rd1 Qxc3+ 36. Rd2 Qxb4 37. Bf1 Nf3+ 38. Ke2 Nxd2 0-1